|
|
|
|
| LEADER |
01277nam a22002777a 4500 |
| 001 |
33061 |
| 003 |
BD-DhAAL |
| 005 |
20180425142811.0 |
| 008 |
180425t2017 bg a|||| |||| 00| 0 ben d |
| 999 |
|
|
|c 39293
|d 39293
|
| 020 |
|
|
|a 9789849294603
|
| 040 |
|
|
|a BD-DhAAL
|
| 082 |
|
|
|a 331.095492
|2 18
|
| 100 |
|
|
|a শিখা, শাহিদা পারভীন
|9 25702
|
| 245 |
|
|
|a বাংলাদেশের শ্রমিকশ্রেণি প্রসঙ্গ /
|c শাহিদা পারভীন শিখা
|
| 246 |
|
|
|a Bangladesher shramikshrenee prasanga
|
| 260 |
|
|
|a ঢাকা :
|b বাংলা ধরিত্রী,
|c ২০১৭
|
| 300 |
|
|
|a ৩৪৩ পৃষ্ঠা ;
|c ২২ সে. মি.
|
| 500 |
|
|
|a সংযুক্তি সংগঠন ও আন্দোলন নেতৃবৃন্দের চোখে
|
| 526 |
|
|
|a BIGD
|
| 541 |
|
|
|a Bangla Dharitree
|e 33061
|
| 650 |
|
|
|a Working class
|z Bangladesh
|9 25704
|
| 650 |
|
|
|a Labor
|z Bangladesh
|9 25705
|
| 852 |
|
|
|a BRAC Institute of Governance and Development
|c General Stacks
|
| 942 |
|
|
|2 ddc
|c BK
|
| 952 |
|
|
|0 0
|1 0
|2 ddc
|4 0
|6 331_095492000000000_SHI
|7 0
|9 63227
|a IGS
|b IGS
|c GEN
|d 2018-04-25
|e Bangla Dharitree
|g 700.00
|l 0
|o 331.095492 SHI
|p 3010033061
|r 2018-04-25
|t 1
|v 700.00
|w 2018-04-25
|y BK
|